000 01367nam a22002657a 4500
005 20220715145150.0
008 220715b ||||| |||| 00| 0 eng d
020 _a8171679382
040 _cAL
041 _aEnglish
082 _223
_a358.400
_bSINA
100 _aRoopinder Singh
_949996
245 _aArjan Singh DFC: Marshal of the Indian Air Force
260 _aNew Delhi
_bRupa and Co
_c2002
300 _a88 p.
_bHB
_c16.5x13..5 cm.
365 _b₹95.00
_c
_d₹95.00
520 _aIn April 2002, Arjun Singh, one of the legends of the Indian Air Force, was honoured with the first five star rank of Marshal of the Indian Air Force. When he strode up to the dais to receive the Marshal's baton from the President of India, it was the crowning glory of a brilliant career. From facing the Japanese during WWII, to leading the Indian Air Force during the war of 1965 - Arjan Singh and his men always ruled the skies. Then followed years of distinguished service as a diplomat and L.G. Delhi. This is the inspiring story of a leader who transformed the Air Force into a professional fighting force.
650 _aSky marshals
_949997
650 _aIndia
_949998
650 _aArjan Singh, 1919-2017
_949999
650 _a Indian Air Force
_950000
650 _aArmed Forces--Officers
_950001
700 _aSINGH (Roopinder)
_950002
942 _2ddc
_cGF
999 _c223832
_d223832